Nombres geográficos de Costa Rica: Volumen 1
Gorde:
| Erakunde egilea: | |
|---|---|
| Formatua: | Texto |
| Argitaratua: |
s.c.e :
|
| Etiketak: |
Etiketa erantsi
Etiketarik gabe, Izan zaitez lehena erregistro honi etiketa jartzen!
|
MARC
| LEADER | 00000 a a2200000 04500 | ||
|---|---|---|---|
| 001 | 16322 | ||
| 003 | |||
| 040 | |a CRAI/IIS |c CRAI/IIS | ||
| 090 | |a EXTRAVIADO | ||
| 110 | |a Instituto Geográfico Nacional | ||
| 245 | |a Nombres geográficos de Costa Rica: Volumen 1 | ||
| 260 | |a s.c.e : | ||
| 300 | |a s.p | ||
| 999 | |c 4981 |d 4981 | ||
